[Event "Talca Bobby Fischer"]
[Site "Talca"]
[Date "2019.05.13"]
[Round "5.2"]
[White "Romero Gonzalez, Juan Ignacio"]
[Black "Pinilla Gaete, Patricio Eduardo"]
[Result "0-1"]
[WhiteElo "1676"]
[BlackElo "2142"]
[PlyCount "52"]
[EventDate "2019.04.15"]
[EventType "tourn"]
[EventRounds "9"]
[EventCountry "CHI"]
[SourceTitle "EXT 2024"]
[Source "ChessBase"]
[SourceDate "2023.10.10"]
[SourceVersion "1"]
[SourceVersionDate "2023.10.10"]
[SourceQuality "1"]

1. e4 c5 2. Nc3 Nc6 3. Bb5 g6 4. Bxc6 dxc6 5. d3 Bg7 6. Be3 b6 7. Qd2 e5 8. Nge2 h6 9. 0-0 Nf6 10. h3 g5 11. Ng3 Be6 12. Nf5 Bf8 13. Ne2 Bxf5 14. exf5 Qd7 15. Ng3 Be7 16. Rae1 Rg8 17. Qd1 0-0-0 18. Bd2 Bd6 19. Bc3 g4 20. Bxe5 Bxe5 21. Rxe5 gxh3 22. Rfe1 Rxg3 23. fxg3 Qd4+ 24. R5e3 Ng4 25. c3 h2+ 26. Kh1 Qxe3 0-1

[Event "ARG-ch sf U2300 Bibl Franklin"]
[Site "San Juan"]
[Date "2016.08.14"]
[Round "3.1"]
[White "De Cara, Juan Antonio"]
[Black "Pinilla Gaete, Patricio Eduardo"]
[Result "1-0"]
[WhiteElo "2113"]
[BlackElo "2062"]
[PlyCount "77"]
[EventDate "2016.08.13"]
[EventType "swiss"]
[EventRounds "7"]
[EventCountry "ARG"]
[SourceTitle "EXT 2024"]
[Source "ChessBase"]
[SourceDate "2023.10.10"]
[SourceVersion "1"]
[SourceVersionDate "2023.10.10"]
[SourceQuality "1"]

1. Nf3 Nf6 2. c4 g6 3. b3 Bg7 4. Bb2 d6 5. e3 0-0 6. Be2 Nc6 7. 0-0 e5 8. d4 Re8 9. dxe5 Ng4 10. Nc3 Ngxe5 11. Qd2 Ne7 12. Rfd1 N5c6 13. Rac1 Be6 14. Nd5 Bxd5 15. cxd5 Ne5 16. Nxe5 dxe5 17. e4 Nc8 18. Qa5 Re7 19. Ba3 Nd6 20. Rc2 Bh6 21. Rd3 Qd7 22. Bxd6 cxd6 23. Rdc3 b6 24. Qa6 Kg7 25. h3 Qb7 26. Qa4 a6 27. Qc6 Rd8 28. Qxb7 Rxb7 29. Bxa6 Ra7 30. Bb5 Kg8 31. a4 Bf8 32. Rc6 Rb8 33. Kf1 Rbb7 34. Rc8 f6 35. Ke2 Kg7 36. Bc6 Rc7 37. Rb8 Ra6 38. b4 Be7 39. a5 1-0

[Event "ARG-ch sf U2300 Independencia"]
[Site "San Luis"]
[Date "2016.07.09"]
[Round "4.1"]
[White "Lopez Ortiz, Juan"]
[Black "Pinilla Gaete, Patricio Eduardo"]
[Result "1-0"]
[WhiteElo "2090"]
[BlackElo "2066"]
[PlyCount "95"]
[EventDate "2016.07.08"]
[EventType "swiss"]
[EventRounds "7"]
[EventCountry "ARG"]
[SourceTitle "EXT 2024"]
[Source "ChessBase"]
[SourceDate "2023.10.10"]
[SourceVersion "1"]
[SourceVersionDate "2023.10.10"]
[SourceQuality "1"]

1. d4 Nf6 2. c4 e6 3. Nc3 Bb4 4. a3 Bxc3+ 5. bxc3 c5 6. e3 0-0 7. Bd3 Nc6 8. Ne2 d5 9. cxd5 exd5 10. 0-0 c4 11. Bc2 Re8 12. f3 b5 13. Ng3 h5 14. Re1 h4 15. Nf1 Qb6 16. e4 dxe4 17. fxe4 Bg4 18. Qd2 Rad8 19. Qg5 Be2 20. Be3 Bxf1 21. Rxf1 Nxe4 22. Qxh4 Nd6 23. Qh7+ Kf8 24. Bg5 Ne7 25. Rae1 Ng8 26. Bxd8 Qxd8 27. Qh5 Rxe1 28. Rxe1 g6 29. Qe5 Nf6 30. Rf1 Nde8 31. Qxb5 Qe7 32. Qc5 Nd6 33. Qe5 Nde8 34. Qxe7+ Kxe7 35. Rb1 Nd6 36. Rb4 Nd5 37. Ra4 Nxc3 38. Rxa7+ Ke6 39. Kf2 Ncb5 40. Ra8 Nxd4 41. Bb1 c3 42. Ke3 c2 43. Ba2+ Ke5 44. Kd2 Ne4+ 45. Kc1 Nc5 46. Bc4 Kd6 47. Rd8+ Nd7 48. Bxf7 1-0

[Event "ARG-ch sf U2300 Independencia"]
[Site "San Luis"]
[Date "2016.07.09"]
[Round "5.2"]
[White "Pinilla Gaete, Patricio Eduardo"]
[Black "Gimenez Aguirre, Ismael Alejo"]
[Result "1/2-1/2"]
[WhiteElo "2066"]
[BlackElo "1971"]
[PlyCount "218"]
[EventDate "2016.07.08"]
[EventType "swiss"]
[EventRounds "7"]
[EventCountry "ARG"]
[SourceTitle "EXT 2024"]
[Source "ChessBase"]
[SourceDate "2023.10.10"]
[SourceVersion "1"]
[SourceVersionDate "2023.10.10"]
[SourceQuality "1"]

1. e4 c5 2. Nf3 g6 3. d4 cxd4 4. Bc4 Bg7 5. 0-0 Nc6 6. Re1 Qb6 7. Nbd2 d6 8. h3 Bd7 9. Bf1 Rc8 10. Nc4 Qc7 11. a4 Ne5 12. Nfxe5 dxe5 13. b3 Bc6 14. f4 exf4 15. e5 f3 16. Nd6+ Kf8 17. Nxc8 Bxe5 18. gxf3 d3 19. Ra2 Bd4+ 20. Kg2 Qxc8 21. Qxd3 Bf6 22. Rd1 Kg7 23. c4 e5 24. Qe3 Bd7 25. Kh2 h6 26. Rad2 Bc6 27. Bb2 Qf5 28. Bg2 Kh7 29. Re2 Bg5 30. Qf2 Bf4+ 31. Kh1 Nf6 32. Rde1 Nh5 33. Rxe5 Bxe5 34. Rxe5 Qd3 35. Re3 Qd1+ 36. Re1 Qxb3 37. Bxh8 Kxh8 38. Qd4+ Kh7 39. Re7 Qb1+ 40. Kh2 Qf5 41. Qe5 Qxe5+ 42. Rxe5 Bxa4 43. f4 b6 44. Re7 Bb3 45. Rxf7+ Kh8 46. Bd5 b5 47. f5 Nf4 48. fxg6 Nxd5 49. cxd5 Bxd5 50. Rxa7 b4 51. Rh7+ Kg8 52. Rxh6 b3 53. Rh4 Kg7 54. Rd4 Be6 55. Rd6 b2 56. Rb6 Bf5 57. Rxb2 Kxg6 58. Kg3 Bd3 59. Rd2 Bb1 60. Rd5 Be4 61. Re5 Bc2 62. h4 Bd1 63. Kf4 Kh6 64. Rg5 Be2 65. Rg8 Bd1 66. Rh8+ Kg6 67. Rd8 Be2 68. Rd6+ Kh5 69. Kg3 Bc4 70. Rc6 Be2 71. Rc5+ Kh6 72. Re5 Bd1 73. Re1 Bb3 74. Kg4 Bf7 75. Re5 Bb3 76. h5 Bd1+ 77. Kh4 Bb3 78. Rb5 Bc2 79. Rb6+ Kg7 80. Kg5 Be4 81. Rd6 Bc2 82. Rd7+ Kh8 83. Kh6 Bb3 84. Rh7+ Kg8 85. Rb7 Bc2 86. Rb8+ Kf7 87. Rb2 Bd3 88. Rg2 Be4 89. Rg7+ Kf8 90. Rg4 Bc2 91. Rg7 Be4 92. Rc7 Bb1 93. Kg5 Kg8 94. Kf6 Bd3 95. h6 Bb1 96. Rg7+ Kh8 97. Rg1 Bc2 98. Rc1 Bd3 99. Rc8+ Kh7 100. Rc7+ Kh8 101. Rc3 Bb1 102. Rg3 Bc2 103. Kg5 Kh7 104. Rc3 Bb1 105. Rc1 Bd3 106. Rc7+ Kh8 107. Rd7 Bc2 108. Rg7 Bd3 109. Kf6 Bb1 1/2-1/2

[Event "ARG-ch sf U2300 Independencia"]
[Site "San Luis"]
[Date "2016.07.09"]
[Round "6.4"]
[White "Valverde, Ezequiel"]
[Black "Pinilla Gaete, Patricio Eduardo"]
[Result "1/2-1/2"]
[WhiteElo "2009"]
[BlackElo "2066"]
[PlyCount "160"]
[EventDate "2016.07.08"]
[EventType "swiss"]
[EventRounds "7"]
[EventCountry "ARG"]
[SourceTitle "EXT 2024"]
[Source "ChessBase"]
[SourceDate "2023.10.10"]
[SourceVersion "1"]
[SourceVersionDate "2023.10.10"]
[SourceQuality "1"]

1. b3 d5 2. Bb2 Nf6 3. Nf3 c5 4. e3 e6 5. c4 Nc6 6. cxd5 exd5 7. Bb5 Be7 8. 0-0 Bd7 9. d4 b6 10. Nc3 a6 11. Bxc6 Bxc6 12. Rc1 0-0 13. Ne2 Bb5 14. dxc5 bxc5 15. Bxf6 Bxf6 16. Rxc5 d4 17. exd4 Re8 18. Re1 Qd6 19. Rc1 Rad8 20. Ng3 Bc6 21. Nf5 Qd7 22. Qd3 g6 23. Ng3 Qb7 24. Rxe8+ Rxe8 25. Qc3 Bd5 26. h3 h5 27. Re1 Rd8 28. Ne2 Be4 29. Rd1 Rc8 30. Qe3 Rc2 31. Ne1 Rc7 32. Nc3 Bf5 33. Na4 Re7 34. Nc5 Qb4 35. Ncd3 Qxd4 36. Qxd4 Bxd4 37. b4 Re2 38. a4 Ra2 39. a5 g5 40. g3 Bxh3 41. Nc5 Bc3 42. Nxa6 Bg4 43. Rc1 Bd4 44. Nd3 Bf3 45. Nac5 Ra3 46. Re1 Kg7 47. a6 Bc6 48. Rd1 Kh7 49. Kf1 Bb5 50. Ke2 Bxc5 51. bxc5 Rxa6 52. Ke3 Ra2 53. Rc1 Ra3 54. Rd1 Rc3 55. Kd4 Rc4+ 56. Kd5 Rc2 57. f4 f6 58. fxg5 fxg5 59. Ne5 Kg7 60. Rb1 Be8 61. Rb7+ Kf6 62. Rb6+ Kf5 63. Nf3 Kg4 64. Rf6 Rc3 65. Ne5+ Kxg3 66. Rf8 Bb5 67. Kd4 Rc1 68. Rf3+ Kg2 69. Rf5 g4 70. Rxh5 g3 71. Ng6 Be8 72. Nf4+ Kf3 73. Rf5 Kg4 74. Rf8 Bc6 75. Nd3 Rd1 76. Ke3 g2 77. Nf2+ Kh5 78. Rh8+ Kg6 79. Rg8+ Kf7 80. Nxd1 Kxg8 1/2-1/2